000 00487nam a2200157Ia 4500
008 151021s9999 xx 000 0 und d
020 _a838586864
050 _aRT 84.5 .W34 1982
245 _a_Strategies for Theory Construction in Nursing / Lorraine Olszewski Walket
260 _aLondon : Appleton Century Crofts, 1982
300 _aix,195 p.
500 _aIncludes index
650 _a_Nursing Philosophy
700 _a_Kay C. Avant
980 _a^d20110705 01:58:50^okilerai
999 _c7383
_d7383